I CAN WIN (Record no. 134568)

MARC details
000 -LEADER
fixed length control field 00571nam a22001937a 4500
003 - CONTROL NUMBER IDENTIFIER
control field OSt
005 - DATE AND TIME OF LATEST TRANSACTION
control field 20220827052142.0
008 - FIXED-LENGTH DATA ELEMENTS--GENERAL INFORMATION
fixed length control field 220827b |||||||| |||| 00| 0 eng d
040 ## - CATALOGING SOURCE
Transcribing agency SBCL
082 ## - DEWEY DECIMAL CLASSIFICATION NUMBER
Classification number 158.1
Item number KOT-I
100 ## - MAIN ENTRY--PERSONAL NAME
Personal name KOTTARAM,SEBIN S
-- KOTTARAM,JOBIN S
245 ## - TITLE STATEMENT
Title I CAN WIN
Remainder of title ALL OUR DREAMS CAN COME TRUE,IF WE HAVE THE COURAGE TO PURSUE THEM
250 ## - EDITION STATEMENT
Edition statement 1st
260 ## - PUBLICATION, DISTRIBUTION, ETC.
Place of publication, distribution, etc. KOTTAYAM
Name of publisher, distributor, etc. DOLPHIN BOOKS
Date of publication, distribution, etc. 2011
300 ## - PHYSICAL DESCRIPTION
Extent 245p.
630 ## - SUBJECT ADDED ENTRY--UNIFORM TITLE
General subdivision GENERAL STACK
650 ## - SUBJECT ADDED ENTRY--TOPICAL TERM
Topical term or geographic name entry element APPLIED PSYCHOLOGY
942 ## - ADDED ENTRY ELEMENTS (KOHA)
Koha item type BOOK
650 ## - SUBJECT ADDED ENTRY--TOPICAL TERM
Source of heading or term PSYCHOLOGY
Form subdivision PERSONAL IMPROVEMENT AND ANALYSIS
Holdings
Withdrawn status Lost status Source of classification or shelving scheme Damaged status Not for loan Home library Current library Date acquired Cost, normal purchase price Total Checkouts Full call number Barcode Shelving location Date last seen Price effective from Koha item type
    Dewey Decimal Classification     SB LIBRARY SB LIBRARY 27/08/2022 240.00   158.1 KOT-I 141979 GENERAL STACK 27/08/2022 27/08/2022 BOOK

Powered by Koha